El Evangelio según San Mateo / (Record no. 188540)

MARC details
000 -LEADER
campo de control de longitud fija 00878nam a2200241 i 4500
001 - NÚMERO DE CONTROL
campo de control 188540
003 - IDENTIFICADOR DE NÚMERO DE CONTROL
campo de control ES-MaACL
005 - FECHA Y HORA DE LA ÚLTIMA TRANSACCIÓN
campo de control 20250902063119.0
008 - DATOS DE LONGITUD FIJA--INFORMACIÓN GENERAL
campo de control de longitud fija 181214s1965 sp |||| | spa d
100 1# - ENTRADA PRINCIPAL--NOMBRE DE PERSONA
Nombre de persona Pasolini, Pier Paolo,
Fechas asociadas al nombre 1922-1975
9 (RLIN) 89424
245 13 - MENCIÓN DEL TÍTULO
Título El Evangelio según San Mateo /
Mención de responsabilidad, etc. Pier Paolo Pasolini ; volumen preparado por G. Gambetti ; con un prólogo de Miguel Porter ; [traducción, Antonio Gallifa].
260 ## - PUBLICACIÓN, DISTRIBUCIÓN, ETC.
Lugar de publicación, distribución, etc. Barcelona :
Nombre del editor, distribuidor, etc. Aymá,
Fecha de publicación, distribución, etc. 1965.
300 ## - DESCRIPCIÓN FÍSICA
Extensión 203 p., 16 lám. ;
Dimensiones 19 cm.
490 1# - MENCIÓN DE SERIE
Mención de serie Voz imagen.
-- Cine ;
Designación de volumen o secuencia 15
655 #7 - TERMINO DE INDIZACIÓN--GENERO/FORMA
Fuente del término tgfbne
Datos o término principal de género/forma Guiones cinematográficos
9 (RLIN) 234355
700 1# - ENTRADA AGREGADA--NOMBRE PERSONAL
Nombre de persona Gallifa, Antonio.
9 (RLIN) 53623
700 1# - ENTRADA AGREGADA--NOMBRE PERSONAL
Nombre de persona Porter i Moix, Miquel.
9 (RLIN) 93234
700 1# - ENTRADA AGREGADA--NOMBRE PERSONAL
Nombre de persona Gambetti, Giacomo.
9 (RLIN) 165769
830 1# - PUNTO DE ACCESO ADICIONAL DE SERIE-TÍTULO UNIFORME
Título uniforme Voz imagen.
-- Cine ;
Designación de volumen o secuencia 15
9 (RLIN) 193071
852 ## - LOCALIZACIÓN
Ubicación ES-MaACL
Número de control de estantería P-155-bis-12
942 ## - ELEMENTOS DE ENTRADA SECUNDARIOS (KOHA)
Fuente del sistema de clasificación o colocación Clasificación decimal universal
Holdings
Estatus retirado Estado de pérdida Estado de daño No para préstamo Biblioteca de origen Biblioteca actual Ubicación en estantería Fecha de adquisición Fuente de adquisición Total de préstamos Signatura topográfica completa Código de barras Visto por última vez Precio de reemplazo Tipo de ítem Koha
        Biblioteca del Ateneo de Madrid Biblioteca del Ateneo de Madrid Depósito 2 14/12/2018     P-155-bis-12 1199469 23/02/2023 23/02/2023 Libro impreso